Stephen Hawking para principiantes

保存先:
書誌詳細
主要な著者: McEvoy, Joseph P. (autor), Zárate, Oscar (著者)
フォーマット: 図書
言語:スペイン語
出版事項: Buenos Aires Era naciente 2001
シリーズ:Colección para Principiantes, 15
主題:
タグ: タグ追加
タグなし, このレコードへの初めてのタグを付けませんか!

MARC

LEADER 00000nam a2200000 a 4500
001 UCJ2510
003 CL-VaPUC
008 061222e20010000AG |||||||||||||||||spa|d
020 |a 9879065247 
082 0 4 |a 530.11  |b MCE  |2 21 
100 |a McEvoy, Joseph P.  |e autor  |9 503455 
700 0 |a Zárate, Oscar  |e author  |9 503458 
245 1 0 |a Stephen Hawking para principiantes 
300 |a 175 p 
942 |c BK 
945 |d 20061222 00:00:00  |a jtorresc 
260 |a Buenos Aires  |b Era naciente  |c 2001 
600 0 7 |a HAWKING, STEPHEN W  |2 CL-VaPUC  |9 321623 
650 0 |a Espacio y tiempo  |9 265042 
650 0 |a Tiempo   |9 267892 
650 0 |a Astronomía  |9 260985 
583 |a last modification  |c 20061222 00:00:00  |k Rodrigo Vera 
490 0 |a Colección para Principiantes, 15 
999 |c 318744  |d 318742